000 01157nam a22002177a 4500
999 _c168648
_d168648
005 20191018130415.0
010 _aB-730574
020 _a9789353093457
_c35.00
035 _aB-730574
037 _bडी.बी.ए.डी./ उपहार
082 _a
100 _aअदिति दिलीप
245 _aऊपर देखो ! /
_cअदिति दिलीप ; अदिति दिलीप द्वारा चित्रांकित ; आरती स्मित द्वारा हिन्दी अनुवाद
260 _aनई दिल्ली
_bप्रथम बुक्स
_c2018
270 _a#621, 2nd floor, 5th Main, OMBR Layout, Banaswadi,
_bBengaluru
_e560043
_k+91 80 42052574, 91 11 41042483
300 _a12पृ.
_bसचित्र
_c14x20 सेमी (अजिल्द)
700 _928835
_aअदिति दिलीप
700 _928836
_aआरती स्मित
942 _2ddc
_cCH
_h
_mअदिति